000 00518nam a2200193Ia 4500
008 101110s9999 xx 000 0 und d
041 _aENGLISH
082 _bSR11336
_a517.6
100 _aSastry S..S
245 _aIntroductory methods of numerical analysis
365 _b17
520 _aStats/Maths
546 _aENGLISH
630 _aIntroductory methods of numerical analysis
650 _aStats/Maths
655 _aStats/Maths
730 _aIntroductory methods of numerical analysis
942 _cBOOK
999 _c806111
_d806108